| Поле | Инд. | ПП | Название | Значение |
|---|---|---|---|---|
| Тип записи | a | |||
| Библиографический уровень | b | |||
| 001 | Контрольный номер | RU/IS/BASE/103809666 | ||
| 005 | Дата корректировки | 20220425103101.7 | ||
| 084 | a | Индекс другой классификации/Индекс ББК | 28.071; 28.071.25 | |
| 100 | 1_ | a | Автор | Красавин Е. А. |
| q | Полное имя | Красавин Евгений Александрович | ||
| 245 | 10 | a | Заглавие | Радиобиологические исследования в ОИЯИ |
| 500 | a | Примечание | Справка об авторах | |
| 504 | a | Библиография | Лит. в конце статьи | |
| 650 | 04 | a | Основная рубрика | биология |
| a | Основная рубрика | биофизика | ||
| a | Основная рубрика | радиобиология | ||
| 653 | 0_ | a | Ключевые слова | генетические мутации |
| a | Ключевые слова | Дубна | ||
| a | Ключевые слова | ионизирующее излучение | ||
| a | Ключевые слова | клеточные мутации | ||
| a | Ключевые слова | Московская область | ||
| a | Ключевые слова | мутагенное воздействие излучений | ||
| a | Ключевые слова | мутации | ||
| a | Ключевые слова | Объединенный институт ядерных исследований (ОИЯИ) | ||
| a | Ключевые слова | радиационные исследования | ||
| a | Ключевые слова | радиобиологические исследования | ||
| a | Ключевые слова | Россия | ||
| a | Ключевые слова | цитогенетические исследования | ||
| 773 | 18 | t | Заглавие источника | Вестник Международного университета природы, общества и человека "Дубна" |
| d | Дата издания источника | 2001 | ||
| g | Прочая информация | № 1 (4). - С. 36 - 39 | ||
| w | Контрольный № источника | RU/IS/BASE/103807766 | ||
| 901 | t | Тип документа | b |